000 00613nam a2200253Ia 4500
001 Para_6379
003 CHAP
008 220125s1985 xx 000 0 und d
010 _a205091
040 _cCHAP
082 _aPA 595.752 D59
100 _aDixon, A. F. G.
_933048
245 _aAphid ecology /
_c by A. F. G. Dixon
260 _aGlasgow :
_b Blackie
300 _a157 p.
650 _aAfididos
_91031
901 _aPA 595.752 D59
902 _aA
905 _a0000001985 a 0000000000 00
910 _a1985
942 _cPARA
942 _cPARA
_d1
999 _c205091
_d205091